000 00629nam a2200205Ia 4500
008 241004s9999 xx 000 0 und d
020 _a9789389386097
037 _aTextbook
040 _aARTS
_beng
_cARTS
041 _aeng
_2eng
084 _aV25213:71 R2
_qARTS
100 _aHuong Bhikkhuni Gioi Au.
_9724595
245 _aSarnatha the cradle of buddhism: from an archeological perspective
_cHuong Bhikkhuni Gioi Au.
260 _aIndia
_bDelhi Eastern Book Linkers
_c2022
300 _a354p.
365 _aINR
_b1750
650 _aHistory
942 _cTB
_hV25213:71 R2
999 _c1218727
_d1218727